|
|
|
|
| LEADER |
00000cam a2200000 7i4500 |
| 001 |
0000008238 |
| 002 |
000008984 |
| 005 |
.0 |
| 020 |
|
|
|a 9836201033
|
| 090 |
0 |
0 |
|a 030
|b ENS
|
| 245 |
0 |
0 |
|a Terbang ke angkasa lepas
|
| 260 |
|
|
|a Kuala Lumpur :
|b Dewan Bahasa Dan Pustaka ,
|c 1994
|
| 300 |
|
|
|a p.v :
|b ill ;
|c 25cm.
|
| 490 |
0 |
|
|a Siri ensiklopedia tanya jawab
|
| 650 |
0 |
0 |
|a Outerspace
|x Exploration
|x Juvenile literature
|
| 999 |
|
|
|a 052747
|b BUKU
|c JUNIOR BOOKS
|e PERPUSTAKAAN KOMUNITI PETALING JAYA
|
| 999 |
|
|
|a 052748
|b BUKU
|c PINJAMAN
|e PERPUSTAKAAN KOMUNITI PETALING JAYA
|
| 999 |
|
|
|a 052749
|b BUKU
|c PINJAMAN
|e PERPUSTAKAAN KOMUNITI PETALING JAYA
|
| 999 |
|
|
|a 054819
|b BUKU
|c JUNIOR BOOKS
|e PERPUSTAKAAN KOMUNITI CAW KOTA DAMANSARA
|
| 999 |
|
|
|a 054820
|b BUKU
|c JUNIOR BOOKS
|e PERPUSTAKAAN KOMUNITI CAW KOTA DAMANSARA
|